000 00561nam a2200193 a 4500
001 000026102
005 20200930024314.0
008 101013s1960 ve 000 p spa d
040 _aDO-SdBNP
_bspa
_cBNPHU
082 _aV861.44
_bB641p
100 1 _aBlanco, Andrés Eloy ,
_939365
245 1 0 _aPoda :
_bpoemas 1921/1928 /
_cAndrés Eloy Blanco.
260 _aCaracas :
_bCordillera,
_c1960.
300 _a238 p. ;
_c17 cm.
500 _aPrimera edición 1934
650 4 _aPoesía venezolana
_94230
650 4 _aLiteratura venezolana
_93816
049 _aBNPD
999 _c25594
_d25594